| 000 | 00523nac a22001691u 4500 | ||
|---|---|---|---|
| 020 | _a812390827X | ||
| 082 | 0 | 0 |
_a621.4022 _bBHA |
| 090 |
_c5571 _d5571 |
||
| 100 | _aBhatia, S. C. | ||
| 245 | 1 | 0 |
_aFundamentals of heat and mass transfer / _cS. C. Bhatia |
| 260 |
_aNew Delhi _bCBS Pub.,2002 _c2002 |
||
| 300 |
_a485 p. : _bill. ; _c23 cm. |
||
| 504 | _aBibliography:p.477-480 and index. | ||
| 650 | 0 |
_aHeat _xTransmission. |
|
| 650 | 0 | _aMass transfer. | |
| 942 |
_cBB _k621.4022BHA |
||
| 999 |
_c5571 _d5571 |
||